| 000 | 01622nam a22005410a 4500 | ||
|---|---|---|---|
| 001 | PT26475 | ||
| 003 | AR-LpoUNG | ||
| 005 | 20210131233302.0 | ||
| 008 | 191001s2003||||ag |||||||||||||||||spa d | ||
| 020 |
_a9875503126 _c$3.8 |
||
| 040 |
_aAR-LpoUNG _bspa _cAR-LpoUNG _eaacr |
||
| 041 | _aspa | ||
| 044 | _aag | ||
| 082 | 0 | _aR300 92dic | |
| 100 | 1 |
_aKreimer, Juan Carlos _eed. |
|
| 245 | 1 | 0 | _aDiccionario de movimientos del Siglo XX |
| 250 | _a1§ edición | ||
| 260 |
_aBuenos Aires : _bLongseller, _c2003. |
||
| 300 |
_a240 p. : _bil. |
||
| 520 | _aLas entradas del diccionario contemplan movimientos masivos y transformadores como el comunismo, el estado de bienestar, el cubismo, el teatro del absurdo, los movimientos estudiantiles, el ecologismo y corrientes de vanguardia que dejaron su impronta en expresiones artísticas o culturales perdurables. | ||
| 650 | 4 | _aARQUITECTURA | |
| 650 | 4 | _aARTE | |
| 650 | 4 | _aCIENCIA | |
| 650 | 4 | _aCOMUNICACION | |
| 650 | 4 | _aCOMUNISMO | |
| 650 | 4 | _aCULTURA | |
| 650 | 4 | _aCULTURA POPULAR | |
| 650 | 4 | _aDICCIONARIOS | |
| 650 | 4 | _aDISEÑO | |
| 650 | 4 | _aDOCUMENTOS PRIMARIOS | |
| 650 | 4 | _aECOLOGIA | |
| 650 | 4 | _aEDUCACION | |
| 650 | 4 | _aFILOSOFIA | |
| 650 | 4 | _aLINGÜISTICA | |
| 650 | 4 | _aLITERATURA | |
| 650 | 4 | _aMATERIAL DE REFERENCIA | |
| 650 | 4 | _aMOVIMIENTOS SOCIALES | |
| 650 | 4 | _aMUSICA | |
| 650 | 4 | _aPOLITICA | |
| 650 | 4 | _aPSICOLOGIA | |
| 650 | 4 | _aRELIGION | |
| 650 | 4 | _aSOCIOLOGIA | |
| 650 | 4 | _aTEATRO | |
| 651 | 4 | _aDOCUMENTOS TEORICOS O METODOLOGICOS | |
| 700 | 1 |
_aTello, Nerio _eed. |
|
| 905 | _a26475 | ||
| 942 | _cLSALA | ||
| 999 |
_c19890 _d19890 |
||